Statistics for English Monarchs Special

Click here to take the quiz!

General Stats

  • This quiz has been taken 10 times
  • The average score is 8 of 15

Answer Stats

QuestionAnswer% Correct
How Many Wives Did Henry VIII Go Through?6
100%
When Was Queen Victoria's Coronation?1837
80%
Who Was Henry VIII First Wife?Catherine Of Aragon
70%
Who Came After Elizabeth I?James I
60%
Who Was King During WW1?George V
60%
Which Monarch Died In 1901?Queen Victoria
60%
Who Defeated Richard III?Henry VII
50%
Who Came After Edward VI?Lady Jane Grey
50%
Who Came After Queen Victoria?Edward VII
50%
Who Was King During WW2?George VI
50%
Who Came After William The Conqueror?William II
50%
Who Came Before Henry VIII?None Of These
50%
Where Were Richard III Bones Found?A Car Park
40%
When Did Henry VIII Die?1547
30%
How Old Was Mary Queen Of Scots When She Was First Engaged?6 Months
20%

Score Distribution

Percentile by Number Answered

Percent of People with Each Score

Your Score History

You have not taken this quiz